000 00446nam a2200193Ia 4500
005 20250603145901.0
008 250603s9999 xx 000 0 und d
020 _a9781292025162
050 _aBF 637 .C45 .D49/
100 _aDeVito, Joseph A.,
245 4 _aThe interpersonal communication book
250 _a13th ed.
260 _aHarlow
260 _bPearson
260 _c2014
300 _a352 p
650 _aHarlow
942 _cBK
999 _c43138
_d43138